[Event "AUTO-MASTER-3266"]
[Site "http://www.queenalice.com/game.php?id=1857756"]
[Date "2025.5.24"]
[Round "1"]
[White "Fredo"]
[Black "Nino75"]
[Result "1-0"]
[WhiteElo "2163"]
[BlackElo "2099"]

1. d4 Nf6 2. Nf3 d6 3. Nc3 g6 4. g3 Bg7 5. Bg2 O-O 6. O-O Nc6 7. e3 b6 8. d5 Ne5
9. Nxe5 dxe5 10. Nb5 Bb7 11. d6 c6 12. dxe7 Qxe7 13. Nc3 Rad8 14. Qe2 1-0

[Event "AUTO-MASTER-3266"]
[Site "http://www.queenalice.com/game.php?id=1857757"]
[Date "2025.5.24"]
[Round "1"]
[White "Nino75"]
[Black "Fredo"]
[Result "0-1"]
[WhiteElo "2086"]
[BlackElo "2173"]

1. e4 c5 2. Nf3 d6 3. d4 cxd4 4. Nxd4 Nf6 5. Nc3 a6 6. Bg5 Nbd7 7. Bd3 Qc7 8.
O-O h6 9. Bh4 g5 10. Bg3 Nc5 11. Qf3 Nxd3 12. cxd3 Bg7 13. Nf5 Bxf5 14. exf5 O-O
0-1

[Event "AUTO-MASTER-3266"]
[Site "http://www.queenalice.com/game.php?id=1857780"]
[Date "2025.5.24"]
[Round "1"]
[White "Nino75"]
[Black "ChessColossos"]
[Result "1-0"]
[WhiteElo "2070"]
[BlackElo "1697"]

1. e4 e5 2. Nf3 Nc6 3. d4 exd4 4. Nxd4 Nf6 5. Nc3 Bb4 6. Qd3 Bxc3+ 7. Qxc3 Nxe4
8. Qe3 Qe7 9. f3 Nf6 10. Qxe7+ Nxe7 11. Bd3 c6 12. Bg5 Neg8 13. Nf5 Kf8 14.
O-O-O Ne7 15. Nd6 b5 16. Rhe1 h6 17. Bh4 1-0

[Event "AUTO-MASTER-3266"]
[Site "http://www.queenalice.com/game.php?id=1857781"]
[Date "2025.5.24"]
[Round "1"]
[White "ChessColossos"]
[Black "Nino75"]
[Result "0-1"]
[WhiteElo "1699"]
[BlackElo "2068"]

1. e4 e5 2. Nf3 Nc6 3. Bb5 Nf6 4. O-O a6 5. Bxc6 bxc6 6. Nxe5 Bd6 7. Nf3 Ng4 8.
h3 Ne5 9. Nxe5 Bxe5 10. d4 Bf6 11. Nc3 O-O 12. f4 g6 13. f5 d6 14. fxg6 fxg6 15.
Bh6 Rf7 16. e5 dxe5 0-1

[Event "AUTO-OPEN-4596"]
[Site "http://www.queenalice.com/game.php?id=1857808"]
[Date "2025.5.24"]
[Round "1"]
[White "Nino75"]
[Black "WoodpusherKid"]
[Result "0-1"]
[WhiteElo "2103"]
[BlackElo "2289"]

1. e4 d5 2. exd5 Qxd5 3. Nc3 Qa5 4. Nf3 Nf6 5. Bc4 Bg4 6. d3 e5 7. O-O Nbd7 8.
Rb1 c6 9. a3 Qc7 10. h3 Bh5 11. Be3 Bd6 12. Ne4 Nxe4 13. dxe4 Be7 14. Bg5 Bxg5
15. g4 Bf4 16. gxh5 Nf6 17. h4 Qc8 18. Nxe5 Qh3 19. Bxf7+ Ke7 20. Nf3 Rad8 21.
Qe2 Rd2 22. Be6 Ng4 23. Qxd2 Bh2+ 24. Kh1 Qxf3# 0-1

[Event "AUTO-OPEN-4596"]
[Site "http://www.queenalice.com/game.php?id=1857809"]
[Date "2025.5.24"]
[Round "1"]
[White "WoodpusherKid"]
[Black "Nino75"]
[Result "1-0"]
[WhiteElo "2348"]
[BlackElo "2073"]

1. g3 d5 2. d4 Nf6 3. Bg2 e6 4. Nf3 Nc6 5. b3 g6 6. c4 b6 7. Nc3 Bg7 8. Ba3 Bb7
9. O-O Ne7 10. cxd5 exd5 11. Ne5 O-O 12. Qc2 Rc8 13. Nb5 Re8 14. Nxa7 Ra8 15.
Bxe7 Qxe7 16. Nac6 Bxc6 17. Qxc6 Red8 18. Rfc1 Rac8 19. Bh3 Rd6 20. Qb7 Rf8 21.
Rxc7 Qe8 22. Re7 Qb8 23. Qxb8 Rxb8 24. Nxf7 Bf8 25. Rc7 Ne8 26. Ra7 Rc6 27. Ne5
Rc7 28. Rxc7 Nxc7 29. Rc1 Nb5 30. Be6+ Kg7 31. e3 Bb4 32. Rc8 Rxc8 33. Bxc8 Nc3
34. a4 Ba5 35. Nc6 Kf6 36. Bb7 1-0

[Event "AUTO-OPEN-4596"]
[Site "http://www.queenalice.com/game.php?id=1857811"]
[Date "2025.5.24"]
[Round "1"]
[White "Capixaba789"]
[Black "Nino75"]
[Result "0-1"]
[WhiteElo "1833"]
[BlackElo "2083"]

1. d4 Nf6 2. Nc3 g6 3. e4 Bg7 4. e5 Ng8 5. f4 e6 6. Nf3 Nc6 7. Be2 d5 8. O-O
Nge7 9. Ng5 O-O 10. Bf3 Nf5 11. Ne2 h6 12. Nh3 b6 13. c3 a5 14. Qe1 Ba6 15. Kh1
Rb8 16. Rg1 a4 17. Ng3 Nce7 18. Nxf5 Nxf5 19. Bd2 c5 20. dxc5 bxc5 21. b4 cxb4
22. cxb4 Nd4 23. Bd1 f6 24. Bxa4 fxe5 25. Rb1 e4 26. Bd1 Qd6 27. a3 Nf5 28. Bb3
Bd4 29. b5 Bxb5 30. Bb4 Bc5 31. Bxc5 Qxc5 32. a4 Bd3 33. Rc1 Qa3 0-1

[Event "AUTO-OPEN-4596"]
[Site "http://www.queenalice.com/game.php?id=1857813"]
[Date "2025.5.24"]
[Round "1"]
[White "maurice916"]
[Black "Nino75"]
[Result "0-1"]
[WhiteElo "1761"]
[BlackElo "2102"]

1. Nf3 Nc6 2. b3 e5 3. d3 d5 4. Bb2 d4 5. Nbd2 Be6 6. e4 f5 7. Nc4 Bb4+ 8. Nfd2
fxe4 9. dxe4 Nf6 10. Bd3 Qe7 11. a4 O-O 12. O-O a6 13. Nf3 Bc3 14. Bxc3 dxc3 15.
Qe1 b5 16. Ncxe5 Nxe5 17. Nxe5 b4 18. f4 Nh5 19. Qe3 Qh4 20. g3 Nxg3 21. Qxg3
Qe7 22. Qe3 Qh4 23. Rf3 Rf6 24. Rg3 Rh6 25. Qf2 Rf8 26. f5 Kh8 27. Rg4 Qxf2+ 28.
Kxf2 g6 29. Rf4 Rh5 30. Kg3 gxf5 31. exf5 Rg5+ 32. Kf3 Bd5+ 33. Be4 Rgxf5 34.
Rxf5 Rxf5+ 35. Ke3 Rxe5 36. Kd4 Bxe4 37. Kxe5 Bxc2 38. Kd4 a5 39. Kc4 c6 40. Rc1
Bg6 41. Kc5 Bf7 42. Kxc6 Bxb3 43. Kb5 Ba2 44. Kxa5 b3 45. Rxc3 b2 46. Rc8+ Kg7
47. Rb8 b1=Q 48. Rxb1 Bxb1 49. Kb4 Kg6 50. Kc4 Kg5 51. Kd4 Kg4 52. a5 Bf5 53. a6
Bc8 54. a7 Bb7 55. Ke5 h5 56. Kf6 h4 57. Ke5 Kh3 58. Kf4 Kxh2 59. Kg4 h3 60. Kh4
Kg2 61. Kg4 h2 0-1

[Event "AUTO-OPEN-4568"]
[Site "http://www.queenalice.com/game.php?id=1859992"]
[Date "2025.7.17"]
[Round "2"]
[White "drup"]
[Black "Nino75"]
[Result "1-0"]
[WhiteElo "2307"]
[BlackElo "2037"]

1. e4 c6 2. Nc3 d5 3. exd5 cxd5 4. d4 Nf6 5. Nf3 e6 6. Bd3 Bb4 7. O-O O-O 8. Bf4
Nbd7 9. Re1 Nh5 10. Bd2 b6 11. Bxh7+ Kxh7 12. Ng5+ Kg6 13. g4 Nhf6 14. h4 Rh8
15. h5+ Nxh5 16. Qf3 Nhf6 17. Qd3+ Ne4 18. Rxe4 dxe4 19. Qxe4+ Kf6 20. Nd5+ exd5
21. Nh7+ Rxh7 22. g5# 1-0

[Event "AUTO-OPEN-4568"]
[Site "http://www.queenalice.com/game.php?id=1859993"]
[Date "2025.7.17"]
[Round "2"]
[White "Nino75"]
[Black "delphicoracle"]
[Result "0-1"]
[WhiteElo "2104"]
[BlackElo "2694"]

1. e4 e6 2. d4 d5 3. e5 c5 4. Nf3 cxd4 5. Bb5+ Bd7 6. Nxd4 Bxb5 7. Nxb5 Nc6 8.
O-O a6 9. Nd6+ Bxd6 10. exd6 Qxd6 11. Qf3 Nf6 12. Bf4 e5 13. Bg5 Nd4 14. Qd3 Nd7
15. f4 Qc5 16. Nc3 Nxc2+ 17. Kh1 Nxa1 18. Nxd5 f6 19. Bh4 Nc2 20. Rc1 Nb4 21.
Rxc5 Nxd3 22. Rc3 Nxf4 23. Nc7+ Ke7 24. Nxa8 Rxa8 25. Be1 Nd5 26. Rd3 Ke6 0-1

[Event "AUTO-OPEN-4568"]
[Site "http://www.queenalice.com/game.php?id=1859994"]
[Date "2025.7.17"]
[Round "2"]
[White "delphicoracle"]
[Black "Nino75"]
[Result "1-0"]
[WhiteElo "2687"]
[BlackElo "2080"]

1. d4 Nf6 2. Bg5 Nc6 3. Bxf6 gxf6 4. Nc3 e5 5. d5 Ne7 6. e4 c6 7. Qf3 f5 8. exf5
d6 9. dxc6 Bxf5 10. cxb7 Rb8 11. Bb5+ Bd7 12. Ne4 Qa5+ 13. b4 Qxb4+ 14. c3 Qb2
15. Nxd6+ Kd8 16. Rd1 1-0